Catálogo público

Evaluación ambiental estratégica : (Record no. 218496)

MARC details
000 -CABECERA
campo de control de longitud fija 01085nam a2200265 a 4500
003 - IDENTIFICADOR DEL NÚMERO DE CONTROL
campo de control OSt
005 - FECHA Y HORA DE LA ÚLTIMA TRANSACCIÓN
campo de control 20230918102408.0
007 - CAMPO FIJO DE DESCRIPCIÓN FÍSICA--INFORMACIÓN GENERAL
campo de control de longitud fija ta
008 - DATOS DE LONGITUD FIJA--INFORMACIÓN GENERAL
campo de control de longitud fija 230303s2014 sp a|||| |||| 001 0 spa d
020 ## - NÚMERO INTERNACIONAL ESTÁNDAR DEL LIBRO
Número Internacional Estándar del Libro 9788484766766
040 ## - FUENTE DE LA CATALOGACIÓN
Centro/agencia transcriptor CHAP
082 00 - NÚMERO DE LA CLASIFICACIÓN DECIMAL DEWEY
Número de edición 22
Número de clasificación 333.72
Número de documento/Ítem G56 2014
100 1# - ENTRADA PRINCIPAL--NOMBRE DE PERSONA
9 (RLIN) 49838
Nombre de persona Gómez Orea, Domingo
245 10 - MENCIÓN DE TÍTULO
Título Evaluación ambiental estratégica :
Resto del título un instrumento para integrar el medio ambiente en la formulación de políticas, planes y programas /
Mención de responsabilidad, etc. por Domingo Gómez Orea ; colaboración de Mauricio Gómez Villarino y Alejandro Gómez Villarino.
250 ## - MENCIÓN DE EDICIÓN
Mención de edición Segunda edición
264 #1 - PRODUCCIÓN, PUBLICACIÓN, DISTRIBUCIÓN, FABRICACIÓN Y COPYRIGHT
Producción, publicación, distribución, fabricación y copyright Madrid :
Nombre del de productor, editor, distribuidor, fabricante Mundi Prensa,
Fecha de producción, publicación, distribución, fabricación o copyright 2014
300 ## - DESCRIPCIÓN FÍSICA
Extensión 377 páginas:
Otras características físicas Figuras, ilustraciones y tablas
504 ## - NOTA DE BIBLIOGRAFÍA, ETC.
Nota de bibliografía, etc. Bibliografía páginas : 373-377
650 #4 - PUNTO DE ACCESO ADICIONAL DE MATERIA--TÉRMINO DE MATERIA
9 (RLIN) 125179
Término de materia o nombre geográfico como elemento de entrada Impacto ambiental
Subdivisión general Análisis
650 #4 - PUNTO DE ACCESO ADICIONAL DE MATERIA--TÉRMINO DE MATERIA
9 (RLIN) 187919
Término de materia o nombre geográfico como elemento de entrada Medio ambiente
Subdivisión general Leyes y legislacion
Subdivisión geográfica España
650 #4 - PUNTO DE ACCESO ADICIONAL DE MATERIA--TÉRMINO DE MATERIA
9 (RLIN) 143608
Término de materia o nombre geográfico como elemento de entrada Política ambiental
Subdivisión general España
700 1# - PUNTO DE ACCESO ADICIONAL--NOMBRE DE PERSONA
9 (RLIN) 143610
Nombre de persona Gómez Villarino, Mauricio
Término indicativo de función/relación colaborador.
700 1# - PUNTO DE ACCESO ADICIONAL--NOMBRE DE PERSONA
9 (RLIN) 143609
Nombre de persona Gómez Villarino, Alejandro
Término indicativo de función/relación colaborador.
942 ## - ELEMENTOS DE PUNTO DE ACCESO ADICIONAL (KOHA)
Tipo de ítem Koha
Fuente del sistema de clasificación o colocación Dewey Decimal Classification
Holdings
Estado de retiro Estado de pérdida Fuente del sistema de clasificación o colocación Estado dañado No para préstamo Código de colección Localización permanente Ubicación/localización actual Ubicación en estantería Fecha de adquisición Total de préstamos Signatura topográfica completa Código de barras Fecha visto por última vez Precio válido a partir de Tipo de ítem Koha Número de copia
    Dewey Decimal Classification     General Biblioteca Central Biblioteca Central Planta alta - Colección General 11/09/2023   333.72 G56 2014 33724002577900 11/09/2023 11/09/2023 Libro  
    Dewey Decimal Classification     General Biblioteca Central Biblioteca Central Planta alta - Colección General 11/09/2023   333.72 G56 2014 33724002577868 11/09/2023 11/09/2023 Libro c.2